| 000 | 00402nam a22001577a 4500 | ||
|---|---|---|---|
| 020 | _a0582100542 | ||
| 082 |
_a624.171 _bDUR _cL-20, p-170. p : |
||
| 100 |
_aDurka, Frank _942706 |
||
| 245 | _aStructural Mechanics | ||
| 250 | _a4th | ||
| 260 |
_aMalaysia _c1992 |
||
| 300 |
_aix, 266. p : _bill, _c23cm |
||
| 526 |
_a0 _b0 _c0 _d624_171000000000000_DURKA_FRAN |
||
| 650 |
_aMCE _9379 |
||
| 942 |
_2ddc _cBK |
||
| 999 |
_c546550 _d546550 |
||